TUKI English-Swahili dictionary (Record no. 1507)

MARC details
000 -LEADER
fixed length control field 01214cam a22003375a 4500
001 - CONTROL NUMBER
control field 14921034
003 - CONTROL NUMBER IDENTIFIER
control field OSt
005 - DATE AND TIME OF LATEST TRANSACTION
control field 20230620092707.0
008 - FIXED-LENGTH DATA ELEMENTS--GENERAL INFORMATION
fixed length control field 070710s2006 tz a d f000 0 eng
010 ## - LIBRARY OF CONGRESS CONTROL NUMBER
LC control number 2007382479
020 ## - INTERNATIONAL STANDARD BOOK NUMBER
International Standard Book Number 9976911297 (pbk.)
040 ## - CATALOGING SOURCE
Original cataloging agency DLC
Transcribing agency DLC
Modifying agency DLC
041 0# - LANGUAGE CODE
Language code of text/sound track or separate title eng
-- swa
042 ## - AUTHENTICATION CODE
Authentication code lcode
050 00 - LIBRARY OF CONGRESS CALL NUMBER
Classification number PL8703
Item number .T85 2006
082 00 - DEWEY DECIMAL CLASSIFICATION NUMBER
Classification number 413
Edition number 22
Item number TUK
245 00 - TITLE STATEMENT
Title TUKI English-Swahili dictionary
Remainder of title Kamusi ya Kiingereza-Kiswahili.
246 31 - VARYING FORM OF TITLE
Title proper/short title Kamusi ya Kiingereza-Kiswahili
246 14 - VARYING FORM OF TITLE
Title proper/short title English-Swahili dictionary
250 ## - EDITION STATEMENT
Edition statement 3rd ed.
260 ## - PUBLICATION, DISTRIBUTION, ETC. (IMPRINT)
Place of publication, distribution, etc. Dar es Salaam :
Name of publisher, distributor, etc. Institute of Kiswahili Research, University of Dar es Salaam,
Date of publication, distribution, etc. 2006.
300 ## - PHYSICAL DESCRIPTION
Extent xx, 1030 p. :
Other physical details ill. ;
Dimensions 20 cm.
500 ## - GENERAL NOTE
General note "Lexicographers ... J.S. Mdee ... editors ... D.P.B. Massamba, team leader"--Foreword.
650 #0 - SUBJECT ADDED ENTRY--TOPICAL TERM
Topical term or geographic name as entry element English language
Form subdivision Dictionaries
General subdivision Swahili.
700 1# - ADDED ENTRY--PERSONAL NAME
Personal name Mdee, J. S.
700 1# - ADDED ENTRY--PERSONAL NAME
Personal name Massamba, David Phineas Bhukanda,
Dates associated with a name 1945-
710 2# - ADDED ENTRY--CORPORATE NAME
Corporate name or jurisdiction name as entry element Chuo Kikuu cha Dar es Salaam.
Subordinate unit Taasisi ya Uchunguzi wa Kiswahili.
906 ## - LOCAL DATA ELEMENT F, LDF (RLIN)
a 7
b cbc
c origcop
d 2
e ncip
f 20
g y-gencatlg
942 ## - ADDED ENTRY ELEMENTS (KOHA)
Source of classification or shelving scheme Dewey Decimal Classification
Koha item type Books
Holdings
Withdrawn status Lost status Source of classification or shelving scheme Damaged status Not for loan Collection code Home library Current library Shelving location Date acquired Total Checkouts Full call number Barcode Date last seen Price effective from Koha item type
    Dewey Decimal Classification     Reference Bunge Tower Library Bunge Tower Library Reference 06/20/2023   413 TUK 10014847 06/20/2023 06/20/2023 Books
    Dewey Decimal Classification     Reference Bunge Tower Library Bunge Tower Library Reference 06/20/2023   413 TUK 10014846 06/20/2023 06/20/2023 Books
    Dewey Decimal Classification     Reference Bunge Tower Library Bunge Tower Library   08/15/2024   413 TUK 10014596 08/15/2024 08/15/2024 Books
LIBRARY OPENING HOURS

When the Parliament is sitting: 8.00a.m - 7.00p.m or until the house adjourns
Mondays and Fridays and when the House is on Recess:  8.00a.m - 5.00p.m
Closed on Weekends and Public Holidays

Online Public Access Catalog (OPAC)
Website: http://www.parliament.go.ke
Bunge Library: https://libraryir.parliament.go.ke
Contact: library@parliament.go.ke | Tel no: (254-2)2221291 or 2848000 Ext 5043